[Event "DVM U14 2017"]
[Site "Verden/Aller GER"]
[Date "2017.12.27"]
[Round "1"]
[White "Kracht, Raphael"]
[Black "Suvorov, Alexander"]
[Result "0-1"]
[Termination "normal"]
[Board "1.1"]
[WhiteElo "1846"]
[BlackElo "2126"]
[WhiteTeam "SF Brackel"]
[BlackTeam "SG Porz"]
[PlyCount "106"]
[WhiteFideId "16214382"]
[BlackFideId "12977063"]
[EventCountry "GER"]
[EventRounds "7"]
[EventType "team-swiss"]
[EventDate "2017.12.26"]

1. e4 c5 2. d4 cxd4 3. c3 Nf6 4. e5 Nd5 5. Nf3 e6 6. cxd4 d6 7. a3 Nc6 8. Bd3
g6 9. O-O Bg7 10. Re1 dxe5 11. dxe5 Qc7 12. Qe2 b6 13. b4 Bb7 14. g3 Nce7 15.
Bb2 O-O 16. Rc1 Qd7 17. Nbd2 Rfc8 18. Nc4 Nf5 19. Bxf5 gxf5 20. Nd6 Rxc1+ 21.
Rxc1 Rf8 22. Qd2 Nxb4 23. Nh4 Nd5 24. Qg5 h6 25. Qh5 Ba8 26. Qe2 Qe7 27. Nf3 a5
28. h4 Qd7 29. Nd4 Ne7 30. N4b5 Bc6 31. Nd4 Bd5 32. N4b5 Nc6 33. Qe3 Rb8 34. h5
Kh7 35. Kh2 Kg8 36. Kg1 Qd8 37. f4 a4 38. Kh2 Ra8 39. Qd2 Bf8 40. Bc3 Na7 41.
Nxa7 Rxa7 42. Bb4 Rc7 43. Rxc7 Qxc7 44. Ne8 Bxb4 45. axb4 Qc4 46. Nf6+ Kg7 47.
Ne8+ Kf8 48. Nf6 Qa2 49. Qxa2 Bxa2 50. Nd7+ Ke7 51. Nxb6 Bb3 52. Nxa4 Bxa4 53.
b5 Bxb5 {Aufgabe Weiß} 0-1

[Event "DVM U14 2017"]
[Site "Verden/Aller GER"]
[Date "2017.12.27"]
[Round "1"]
[White "Suvorov, Luca"]
[Black "Skabs, Denis"]
[Result "1-0"]
[Termination "normal"]
[Board "1.2"]
[WhiteElo "2079"]
[BlackElo "1717"]
[WhiteTeam "SG Porz"]
[BlackTeam "SF Brackel"]
[PlyCount "47"]
[WhiteFideId "12977071"]
[BlackFideId "16248449"]
[EventCountry "GER"]
[EventRounds "7"]
[EventType "team-swiss"]
[EventDate "2017.12.26"]

1. d4 d5 2. c4 e6 3. Nf3 c6 4. e3 f5 5. b3 Nf6 6. Bd3 Bd6 7. O-O Qe7 8. Bb2 O-O
9. Qc1 b6 10. Ba3 c5 11. cxd5 exd5 12. Nc3 Bd7 13. Rd1 a6 14. dxc5 bxc5 15.
Nxd5 Nxd5 16. Bc4 Nc6 17. Rxd5 Kh8 18. Qd2 Rf6 19. Rd1 Na5 20. Rxd6 Rxd6 21.
Qxd6 Qxd6 22. Rxd6 Nxc4 23. bxc4 Rb8 24. h3 {Aufgabe Schwarz} 1-0

[Event "DVM U14 2017"]
[Site "Verden/Aller GER"]
[Date "2017.12.27"]
[Round "1"]
[White "Schneider, Daniel"]
[Black "Zyla, Lennert"]
[Result "0-1"]
[Termination "normal"]
[Board "1.3"]
[WhiteElo "1545"]
[BlackElo "1809"]
[WhiteTeam "SF Brackel"]
[BlackTeam "SG Porz"]
[PlyCount "90"]
[WhiteFideId "16248465"]
[BlackFideId "12981567"]
[EventCountry "GER"]
[EventRounds "7"]
[EventType "team-swiss"]
[EventDate "2017.12.26"]

1. e4 c5 2. d4 cxd4 3. c3 dxc3 4. Nxc3 Nc6 5. Nf3 e6 6. Bc4 Nge7 7. O-O Ng6 8.
Bb3 Be7 9. Be3 O-O 10. Rc1 Rb8 11. Nd4 Qa5 12. Na4 Nxd4 13. Qxd4 b5 14. Bd2 Qd8
15. Nc3 a5 16. Bd1 b4 17. Na4 d5 18. Be3 dxe4 19. Qxe4 Bb7 20. Qb1 Qd5 21. Bf3
Qb5 22. Bxb7 Rxb7 23. Nc5 Rc7 24. Nb3 Bd6 25. Rxc7 Bxc7 26. Rc1 Qe5 27. g3 Bd6
28. Bd4 Qd5 29. Rd1 Ne5 30. Bxe5 Qxe5 31. Qd3 Bc7 32. Qb1 Bb6 33. Qc2 h6 34.
Nd2 Qe2 35. Rf1 Rd8 36. Qc6 Rxd2 37. Qxb6 Rxb2 38. Qxa5 Qc4 39. Qd8+ Kh7 40.
Qe7 Rxa2 41. Qxf7 b3 42. Qf3 Qc2 43. Qd1 Qxd1 44. Rxd1 b2 45. Kg2 Ra1 {Aufgabe
Weiß} 0-1

[Event "DVM U14 2017"]
[Site "Verden/Aller GER"]
[Date "2017.12.27"]
[Round "1"]
[White "Gallasch, Robin"]
[Black "Römer, Alois"]
[Result "1-0"]
[Termination "normal"]
[Board "1.4"]
[WhiteElo "1682"]
[BlackElo "1317"]
[WhiteTeam "SG Porz"]
[BlackTeam "SF Brackel"]
[PlyCount "49"]
[WhiteFideId "16222423"]
[BlackFideId "16255607"]
[EventCountry "GER"]
[EventRounds "7"]
[EventType "team-swiss"]
[EventDate "2017.12.26"]

1. d4 d5 2. c4 e6 3. Nc3 c5 4. cxd5 cxd4 5. Qa4+ Bd7 6. Qxd4 exd5 7. Nf3 Nc6 8.
Qd1 Be6 9. e3 Nf6 10. Be2 Bc5 11. O-O g5 12. Nxg5 Rg8 13. Nxe6 fxe6 14. Bh5+
Kd7 15. Bf3 Kc8 16. a3 Qc7 17. b4 Be7 18. Bb2 Ne5 19. Nb5 Nxf3+ 20. Qxf3 Qd8
21. Rac1+ Kd7 22. Rc7+ Ke8 23. Bxf6 Rf8 24. Qh5+ Rf7 25. Rxe7+ 1-0

[Event "DVM U14 2017"]
[Site "Verden/Aller GER"]
[Date "2017.12.27"]
[Round "1"]
[White "Dietz, Florian"]
[Black "Jahrke, Jonas"]
[Result "1-0"]
[Termination "normal"]
[Board "2.1"]
[WhiteElo "1997"]
[BlackElo "1747"]
[WhiteClock "00:06:10"]
[BlackClock "00:44:28"]
[WhiteTeam "Reideburger SV 90 Halle"]
[BlackTeam "SF Katernberg"]
[PlyCount "87"]
[WhiteFideId "12939897"]
[BlackFideId "12984353"]
[EventCountry "GER"]
[EventRounds "7"]
[EventType "team-swiss"]
[EventDate "2017.12.26"]

1. e4 c5 2. Nf3 e6 3. d4 cxd4 4. Nxd4 a6 5. Bd3 Qc7 6. O-O d6 7. c4 Nd7 8. Qe2
Ngf6 9. Nc3 Be7 10. f4 O-O 11. Be3 b6 12. Kh1 Bb7 13. Rae1 Nc5 14. Bg1 Nxd3 15.
Qxd3 Rac8 16. e5 dxe5 17. fxe5 Nd7 18. Qg3 Rfd8 19. Nd5 exd5 20. Nf5 Bf8 21.
Nh6+ Kh8 22. Nxf7+ Kg8 23. Nh6+ Kh8 24. Nf7+ Kg8 25. e6 Qxg3 26. hxg3 Nf6 27.
Nxd8 Rxd8 28. e7 Bxe7 29. Rxe7 Bc6 30. Bxb6 Rb8 31. Bd4 dxc4 32. Bxf6 gxf6 33.
Rxf6 Bd5 34. Rd6 Bf7 35. Rdd7 Bg6 36. Rb7 Rf8 37. Ra7 Bd3 38. Rg7+ Kh8 39. Rgd7
Rb8 40. Kh2 Bf5 41. Rdb7 Rg8 42. Rc7 Bd3 43. g4 Be2 44. Rxh7# 1-0

[Event "DVM U14 2017"]
[Site "Verden/Aller GER"]
[Date "2017.12.27"]
[Round "1"]
[White "Gallas, Noel"]
[Black "Henning, Marvin"]
[Result "0-1"]
[Termination "normal"]
[Board "2.2"]
[WhiteElo "1696"]
[BlackElo "2004"]
[WhiteClock "00:05:44"]
[BlackClock "00:34:25"]
[WhiteTeam "SF Katernberg"]
[BlackTeam "Reideburger SV 90 Halle"]
[PlyCount "92"]
[WhiteFideId "16216059"]
[BlackFideId "12957399"]
[EventCountry "GER"]
[EventRounds "7"]
[EventType "team-swiss"]
[EventDate "2017.12.26"]

1. e4 g6 2. d4 Bg7 3. Nf3 d6 4. Bc4 a6 5. O-O b5 6. Bd3 Nd7 7. c4 b4 8. a3 bxa3
9. Rxa3 e5 10. dxe5 dxe5 11. Be3 Ne7 12. Qc2 O-O 13. Nfd2 f5 14. f4 Nf6 15. h3
exf4 16. Rxf4 Nh5 17. Rf2 f4 18. Bc5 Rb8 19. Nc3 Rf7 20. Nf3 Nc6 21. b3 Ne5 22.
Nxe5 Bxe5 23. Nd5 c6 24. Nc3 Qg5 25. Ra5 Bd4 26. Bxd4 Qxa5 27. c5 Be6 28. Bc4
Bxc4 29. bxc4 Rd8 30. Ne2 Ng3 31. Nxg3 fxg3 32. Rxf7 Kxf7 33. Qd1 Rxd4 34. Qf3+
Kg7 35. Qxg3 Qxc5 36. Kh2 Rxe4 37. Qc7+ Re7 38. Qd8 Qe5+ 39. Kg1 Qf6 40. Qd2 c5
41. Qc1 Qd4+ 42. Kh1 a5 43. Qf1 a4 44. Qc1 Re3 45. Qb1 Qe5 46. Qb7+ Kh6 0-1

[Event "DVM U14 2017"]
[Site "Verden/Aller GER"]
[Date "2017.12.27"]
[Round "1"]
[White "Hundrieser, Malte"]
[Black "Otterpohl, Isabel"]
[Result "1-0"]
[Termination "normal"]
[Board "2.3"]
[WhiteElo "2005"]
[BlackElo "1593"]
[WhiteClock "00:29:34"]
[BlackClock "00:04:16"]
[WhiteTeam "Reideburger SV 90 Halle"]
[BlackTeam "SF Katernberg"]
[PlyCount "137"]
[WhiteFideId "12997153"]
[BlackFideId "12999180"]
[EventCountry "GER"]
[EventRounds "7"]
[EventType "team-swiss"]
[EventDate "2017.12.26"]

1. e4 e6 2. d4 d5 3. Nd2 dxe4 4. Nxe4 Bd7 5. Nf3 Bc6 6. Bd3 Nd7 7. O-O Ngf6 8.
Qe2 Be7 9. c4 Bxe4 10. Bxe4 Nxe4 11. Qxe4 c6 12. Rd1 Nf6 13. Qe2 O-O 14. Bf4
Re8 15. Rac1 Bd6 16. Ne5 Qe7 17. Bg5 Qd8 18. Qf3 h6 19. Bh4 Be7 20. Bg3 Bd6 21.
h3 Qe7 22. Bh4 Qd8 23. Rc3 Be7 24. Qf4 Rf8 25. Bg3 Nh5 26. Qe4 Nf6 27. Qe2 Qb6
28. Rb3 Qa6 29. Qf3 Rad8 30. c5 Qxa2 31. Rxb7 Rde8 32. Nxc6 Nd5 33. Nxe7+ Rxe7
34. Rxe7 Nxe7 35. Bd6 Re8 36. Qa3 Qxa3 37. bxa3 Nc6 38. Kf1 Rd8 39. Ke2 Rd7 40.
Kd3 Rb7 41. Rc1 Rb3+ 42. Rc3 Rb2 43. Bg3 Kf8 44. Bf4 Ke8 45. Be3 Rb7 46. g4 Rb2
47. Ke4 Kd7 48. d5 exd5+ 49. Kxd5 Rb8 50. Bf4 Rc8 51. Bd6 Ke8 52. Rb3 Kd8 53.
Rb7 Ke8 54. f4 g6 55. h4 f6 56. Rh7 h5 57. gxh5 gxh5 58. Rh8+ Kd7 59. Rxc8 Kxc8
60. Kxc6 a6 61. f5 a5 62. a4 Kd8 63. Kb7 Kd7 64. Bf4 Kd8 65. c6 Ke7 66. c7 Kd7
67. c8=Q+ Ke7 68. Qe6+ Kf8 69. Bh6# 1-0

[Event "DVM U14 2017"]
[Site "Verden/Aller GER"]
[Date "2017.12.27"]
[Round "1"]
[White "Zamhöfer, Luca"]
[Black "Seidel, Arne Christian"]
[Result "0-1"]
[Termination "normal"]
[Board "2.4"]
[WhiteElo "1367"]
[BlackElo "1580"]
[WhiteClock "00:32:03"]
[BlackClock "00:50:32"]
[WhiteTeam "SF Katernberg"]
[BlackTeam "Reideburger SV 90 Halle"]
[PlyCount "88"]
[WhiteFideId "16216040"]
[BlackFideId "16235142"]
[EventCountry "GER"]
[EventRounds "7"]
[EventType "team-swiss"]
[EventDate "2017.12.26"]

1. e4 e5 2. d4 exd4 3. Nf3 Bc5 4. Bc4 Nc6 5. c3 d6 6. cxd4 Bb4+ 7. Bd2 Bxd2+ 8.
Nbxd2 Bg4 9. Qc2 Qf6 10. Qb3 Rb8 11. Bb5 Bd7 12. Rc1 Qd8 13. O-O a6 14. Bc4 Nh6
15. e5 Na5 16. Qc3 Nxc4 17. Qxc4 Bb5 18. Qxc7 Qxc7 19. Rxc7 Bxf1 20. Kxf1 dxe5
21. Nxe5 O-O 22. g4 f6 23. Nec4 Rfc8 24. Re7 Kf8 25. Re4 Re8 26. Rf4 Nf7 27. g5
b5 28. Ne3 Nxg5 29. d5 Nf7 30. Nf5 Rbd8 31. Rd4 Re5 32. Ne3 Ng5 33. Nb3 Re4 34.
Rd2 Nf3 35. Rd1 Nxh2+ 36. Kg2 Ng4 37. Kf3 Nxe3 38. fxe3 Re5 39. Nd4 Rdxd5 40.
Ne6+ Kf7 41. Rxd5 Rxd5 42. Nc7 Rd2 43. a3 Rxb2 44. Nxa6 Rb3 0-1

[Event "DVM U14 2017"]
[Site "Verden/Aller GER"]
[Date "2017.12.27"]
[Round "1"]
[White "Stirnberg, Noah"]
[Black "Hüls, Maximilian"]
[Result "0-1"]
[Termination "normal"]
[Board "3.1"]
[WhiteElo "1836"]
[BlackElo "1944"]
[WhiteClock "00:29:35"]
[BlackClock "00:03:33"]
[WhiteTeam "SK Blauer Springer Paderborn"]
[BlackTeam "SV Mattnetz Berlin"]
[PlyCount "126"]
[WhiteFideId "16207742"]
[BlackFideId "12949698"]
[EventCountry "GER"]
[EventRounds "7"]
[EventType "team-swiss"]
[EventDate "2017.12.26"]

1. e4 e6 2. d4 d5 3. Nc3 Nf6 4. e5 Nfd7 5. f4 c5 6. Nf3 Nc6 7. Be3 cxd4 8. Nxd4
Bc5 9. Qd2 Nxd4 10. Bxd4 a6 11. Qe3 Bxd4 12. Qxd4 O-O 13. Bd3 Qc7 14. O-O b6
15. Rf3 Qc5 16. Ne2 Nb8 17. b4 Qc7 18. Qf2 Nc6 19. Qh4 h6 20. Rg3 Kh8 21. Rxg7
Kxg7 22. Qf6+ Kg8 23. Qxh6 f5 24. exf6 Nxb4 25. Rf1 Nxd3 26. Rf3 Qc5+ 27. Kf1
Kf7 28. Qg7+ Ke8 29. cxd3 Rf7 30. Qg6 Raa7 31. g4 Kd8 32. h4 Qf8 33. g5 Rh7 34.
h5 Qf7 35. Ng3 Bd7 36. Qxf7 Rxf7 37. g6 Be8 38. h6 Rxf6 39. h7 Rxh7 40. gxh7
Rh6 41. Re3 Kd7 42. h8=Q Rxh8 43. f5 Rf8 44. Rxe6 Rxf5+ 45. Nxf5 Kxe6 46. Ng7+
Kf7 47. Nf5 Ke6 48. Ng7+ Kd7 49. Nf5 Bg6 50. Nd4 Bxd3+ 51. Ke1 Kd6 52. Kd2 Bc4
53. a3 Ke5 54. Ke3 a5 55. Nf3+ Kd6 56. Kd4 b5 57. Nd2 Ba2 58. Kc3 Kc5 59. Nf3
b4+ 60. Kc2 d4 61. Nd2 Bd5 62. Kd3 bxa3 63. Kc2 Kb4 0-1

[Event "DVM U14 2017"]
[Site "Verden/Aller GER"]
[Date "2017.12.27"]
[Round "1"]
[White "Bui, Bao Anh Le"]
[Black "Brockhoff, Moritz"]
[Result "1-0"]
[Termination "normal"]
[Board "3.2"]
[WhiteElo "1942"]
[BlackElo "1765"]
[WhiteClock "00:16:26"]
[BlackClock "01:07:59"]
[WhiteTeam "SV Mattnetz Berlin"]
[BlackTeam "SK Blauer Springer Paderborn"]
[PlyCount "93"]
[WhiteFideId "12970719"]
[BlackFideId "16214927"]
[EventCountry "GER"]
[EventRounds "7"]
[EventType "team-swiss"]
[EventDate "2017.12.26"]

1. e4 e6 2. d4 d5 3. Nc3 Nf6 4. Bg5 Bb4 5. e5 h6 6. Bd2 Bxc3 7. bxc3 Ne4 8. Qg4
Kf8 9. Bd3 Nxd2 10. Kxd2 c5 11. Nf3 Nc6 12. h4 Qa5 13. Qf4 Bd7 14. Rab1 cxd4
15. Nxd4 b6 16. Bg6 Nd8 17. Nb3 Qa4 18. Nd4 Qxa2 19. g4 Rc8 20. g5 Qc4 21. Qf3
Ke7 22. Bh5 Be8 23. Rhg1 Nc6 24. Nxc6+ Rxc6 25. Rb4 Qc5 26. gxh6 Rxh6 27. Bxf7
g6 28. Qf6+ Kd7 29. Rg3 g5 30. Bxe8+ Kxe8 31. Qf3 gxh4 32. Rg8+ Kd7 33. Rf4 Rh7
34. Ra8 Rc7 35. Raf8 Kc6 36. R4f6 Qe7 37. Qh3 Rh6 38. Rxh6 Qg5+ 39. f4 Qxh6 40.
Rf6 Qg7 41. Qxe6+ Kb5 42. Qxd5+ Rc5 43. Qd3+ Ka5 44. c4 Qg2+ 45. Kc1 Qg3 46.
Kb2 b5 47. Qd2+ 1-0

[Event "DVM U14 2017"]
[Site "Verden/Aller GER"]
[Date "2017.12.27"]
[Round "1"]
[White "Janke, Julian"]
[Black "Stockter, Jasper Enno"]
[Result "1/2-1/2"]
[Termination "normal"]
[Board "3.3"]
[WhiteElo "1587"]
[BlackElo "1767"]
[WhiteClock "00:16:50"]
[BlackClock "00:05:02"]
[WhiteTeam "SK Blauer Springer Paderborn"]
[BlackTeam "SV Mattnetz Berlin"]
[PlyCount "100"]
[WhiteFideId "16229185"]
[BlackFideId "12957291"]
[EventCountry "GER"]
[EventRounds "7"]
[EventType "team-swiss"]
[EventDate "2017.12.26"]

1. d4 Nf6 2. Bf4 g6 3. e3 Bg7 4. Nf3 O-O 5. Be2 d6 6. O-O Nc6 7. h3 Nd5 8. Bg3
e5 9. c4 Nde7 10. Nc3 exd4 11. exd4 Nf5 12. d5 Nxg3 13. fxg3 Ne5 14. Qd2 Bd7
15. Rae1 f5 16. b4 Qf6 17. Rc1 Nxf3+ 18. Rxf3 Qd4+ 19. Qxd4 Bxd4+ 20. Kf1 Rae8
21. Nb5 Bxb5 22. cxb5 Bb6 23. a4 Rf7 24. a5 Be3 25. Rc2 Rfe7 26. Bd3 Bd4 27.
Be2 Be3 28. Bd3 Bd4 29. Be2 Re4 30. Rb3 R8e7 31. Rb1 Re3 32. Rd2 Bc3 33. Rc2
Bd4 34. Rd1 Bc3 35. Rb1 Be5 36. g4 Rc3 37. Rbc1 Rxc2 38. Rxc2 Rf7 39. gxf5
Rxf5+ 40. Bf3 Rf7 41. Ke2 h5 42. Ke3 Bg3 43. Rc4 Re7+ 44. Be4 Kg7 45. Kf3 Be5
46. Ke3 Kh6 47. Kf2 Rf7+ 48. Bf3 Bf4 49. g3 Be5 50. Kg2 Kg7 1/2-1/2

[Event "DVM U14 2017"]
[Site "Verden/Aller GER"]
[Date "2017.12.27"]
[Round "1"]
[White "Grozea, Filip"]
[Black "Matthiessen, Linus"]
[Result "1-0"]
[Termination "normal"]
[Board "3.4"]
[WhiteElo "1604"]
[BlackElo "1293"]
[WhiteClock "01:14:56"]
[BlackClock "01:28:07"]
[WhiteTeam "SV Mattnetz Berlin"]
[BlackTeam "SK Blauer Springer Paderborn"]
[PlyCount "69"]
[WhiteFideId "12958450"]
[BlackFideId "16222555"]
[EventCountry "GER"]
[EventRounds "7"]
[EventType "team-swiss"]
[EventDate "2017.12.26"]

1. e4 e6 2. c4 Nf6 3. Nc3 Bb4 4. e5 Bxc3 5. bxc3 Ne4 6. Qc2 Nc5 7. d4 Nca6 8.
Bd3 h6 9. f4 d5 10. cxd5 Qxd5 11. Nf3 Bd7 12. Be4 Qb5 13. Rb1 Qc4 14. Nd2 Qa4
15. Qxa4 Bxa4 16. Bxb7 Bc6 17. Bxa8 Bxa8 18. Ba3 g5 19. O-O Rg8 20. f5 g4 21.
fxe6 fxe6 22. Rf6 g3 23. h3 Nc6 24. Rbf1 Ne7 25. Rxe6 c5 26. Rxa6 cxd4 27. cxd4
Bd5 28. Rxa7 Be6 29. Rxe7+ Kd8 30. Rxe6 Kd7 31. Rd6+ Kc7 32. Rf7+ Kb8 33. Ra6
h5 34. Bd6+ Kc8 35. Ra8# 1-0

[Event "DVM U14 2017"]
[Site "Verden/Aller GER"]
[Date "2017.12.27"]
[Round "1"]
[White "Sulayev, Daniel"]
[Black "Brückner, Alexander"]
[Result "1-0"]
[Termination "normal"]
[Board "4.1"]
[WhiteElo "2058"]
[BlackElo "1874"]
[WhiteTeam "SV Empor Berlin"]
[BlackTeam "SF Augsburg"]
[PlyCount "69"]
[WhiteFideId "12977675"]
[BlackFideId "12952613"]
[EventCountry "GER"]
[EventRounds "7"]
[EventType "team-swiss"]
[EventDate "2017.12.26"]

1. c4 e5 2. Nc3 d6 3. g3 Nc6 4. Bg2 Be6 5. d3 g6 6. e3 Qd7 7. Rb1 Bg7 8. Nge2
Bh3 9. O-O h5 10. f3 h4 11. Bxh3 Qxh3 12. g4 Nh6 13. Kh1 Nxg4 14. fxg4 Qxg4 15.
Nd5 h3 16. Ng3 Qxd1 17. Rxd1 Kd7 18. e4 Raf8 19. Rf1 f6 20. Be3 a6 21. Rf2 Ne7
22. Nxe7 Kxe7 23. Rg1 Bh6 24. Nf1 Kf7 25. Rf3 Bxe3 26. Nxe3 Rh4 27. Nd5 Kg7 28.
Nxc7 Rf7 29. Nd5 g5 30. Rgg3 g4 31. Ne3 Kf8 32. Rxg4 Rh8 33. Nf5 Rd7 34. Rg6
Kf7 35. Rgg3 {Aufgabe Schwarz} 1-0

[Event "DVM U14 2017"]
[Site "Verden/Aller GER"]
[Date "2017.12.27"]
[Round "1"]
[White "Gubariev, Jakob"]
[Black "Breitzmann, Sander"]
[Result "0-1"]
[Termination "normal"]
[Board "4.2"]
[WhiteElo "1782"]
[BlackElo "1778"]
[WhiteTeam "SF Augsburg"]
[BlackTeam "SV Empor Berlin"]
[PlyCount "106"]
[WhiteFideId "16216938"]
[BlackFideId "12987085"]
[EventCountry "GER"]
[EventRounds "7"]
[EventType "team-swiss"]
[EventDate "2017.12.26"]

1. e4 e5 2. Nf3 Nc6 3. d4 exd4 4. Bc4 Bc5 5. c3 Nf6 6. e5 d5 7. Bb5 Ne4 8. Nxd4
O-O 9. Bxc6 bxc6 10. O-O Ba6 11. Re1 Qh4 12. Be3 Rae8 13. Nd2 Bxd4 14. Bxd4
Nxd2 15. Qxd2 Re6 16. Re3 Rfe8 17. Rae1 h6 18. Bxa7 Qc4 19. b3 Qb5 20. Qd4 f6
21. c4 dxc4 22. bxc4 Qxc4 23. Qxc4 Bxc4 24. exf6 Bxa2 25. Rxe6 Bxe6 26. fxg7
Kxg7 27. Bd4+ Kf7 28. Be5 Bd5 29. f4 c5 30. Bc3 Rxe1+ 31. Bxe1 Ke6 32. Kf2 Kf5
33. Bd2 h5 34. g3 Ke4 35. Ke2 Bc4+ 36. Kf2 Be6 37. Ba5 c6 38. Ke2 c4 39. Bb4
Bg4+ 40. Kd2 Kf3 41. Kc3 Be6 42. Kd4 Kg2 43. Ke4 Bd5+ 44. Kf5 Kf2 45. g4 h4 46.
g5 c3 47. Bxc3 h3 48. Bd4+ Kg2 49. g6 Kxh2 50. Ke5 Kg2 51. g7 h2 52. g8=Q+ Bxg8
53. Bb6 h1=Q {Aufgabe Weiß} 0-1

[Event "DVM U14 2017"]
[Site "Verden/Aller GER"]
[Date "2017.12.27"]
[Round "1"]
[White "Heckmann, Till"]
[Black "Vuckovic, Katarina"]
[Result "1/2-1/2"]
[Termination "normal"]
[Board "4.3"]
[WhiteElo "1719"]
[BlackElo "1288"]
[WhiteTeam "SV Empor Berlin"]
[BlackTeam "SF Augsburg"]
[PlyCount "94"]
[WhiteFideId "12987093"]
[BlackFideId "16232615"]
[EventCountry "GER"]
[EventRounds "7"]
[EventType "team-swiss"]
[EventDate "2017.12.26"]

1. e4 e6 2. d4 d5 3. Nd2 Nf6 4. e5 Nfd7 5. Ngf3 c5 6. c3 Be7 7. Nb3 O-O 8. Be3
cxd4 9. Nbxd4 Nc6 10. Bf4 Qb6 11. Qc2 a6 12. Bd3 h6 13. h4 Bc5 14. Nxc6 bxc6
15. Ng5 Bxf2+ 16. Kf1 a5 17. Nh7 Re8 18. Qxf2 Qxf2+ 19. Kxf2 Nc5 20. Bc2 Ne4+
21. Bxe4 dxe4 22. Nf6+ gxf6 23. exf6 Kh7 24. Rhe1 e5 25. Rxe4 Bf5 26. Rxe5 Rxe5
27. Bxe5 Rd8 28. Re1 Rd2+ 29. Re2 Rxe2+ 30. Kxe2 Be6 31. a3 a4 32. Ke3 Kg6 33.
Kf4 Bd5 34. g4 Be6 35. g5 Kh5 36. Bd6 Kg6 37. Bf8 hxg5+ 38. hxg5 Bd5 39. Bh6
Kh5 40. Ke5 Kg4 41. Kd4 Kf5 42. Kc5 Ke6 43. c4 Be4 44. Kb4 Bc2 45. Kc3 Bd1 46.
Kd4 Bc2 47. Kc5 Kd7 1/2-1/2

[Event "DVM U14 2017"]
[Site "Verden/Aller GER"]
[Date "2017.12.27"]
[Round "1"]
[White "Hamkar, Behzad"]
[Black "Beer, Ludwig"]
[Result "0-1"]
[Termination "normal"]
[Board "4.4"]
[WhiteElo "1145"]
[BlackElo "1431"]
[WhiteTeam "SF Augsburg"]
[BlackTeam "SV Empor Berlin"]
[PlyCount "64"]
[WhiteFideId "16255631"]
[BlackFideId "16202813"]
[EventCountry "GER"]
[EventRounds "7"]
[EventType "team-swiss"]
[EventDate "2017.12.26"]

1. e4 c5 2. Nc3 d6 3. d3 Nf6 4. h3 g6 5. Be3 Bg7 6. Qd2 O-O 7. Bh6 Nc6 8. Be2
Nd4 9. Bd1 b5 10. Nce2 Nxe2 11. Nxe2 Qb6 12. g4 c4 13. Ng3 Qd4 14. Bxg7 Kxg7
15. Rb1 d5 16. f3 dxe4 17. Nxe4 Nxe4 18. fxe4 Rd8 19. Be2 Bb7 20. Qc3 Qxc3+ 21.
bxc3 cxd3 22. cxd3 a6 23. c4 Rac8 24. O-O Bc6 25. cxb5 Bxb5 26. Rfd1 Rc2 27.
Kf2 Bxd3 28. Re1 Rxe2+ 29. Rxe2 Bxb1 30. Ke3 Rd3+ 31. Kf2 Rxh3 32. Ke1 Rh1+ {
Aufgabe Weiß} 0-1

[Event "DVM U14 2017"]
[Site "Verden/Aller GER"]
[Date "2017.12.27"]
[Round "1"]
[White "Triantafillidis, Simeon"]
[Black "Kotyk, Michael"]
[Result "0-1"]
[Termination "normal"]
[Board "5.1"]
[WhiteElo "1808"]
[BlackElo "1916"]
[WhiteTeam "SF HN-Biberach"]
[BlackTeam "Hamburger SK"]
[PlyCount "68"]
[WhiteFideId "12953113"]
[BlackFideId "16214501"]
[EventCountry "GER"]
[EventRounds "7"]
[EventType "team-swiss"]
[EventDate "2017.12.26"]

1. Nf3 f5 2. d3 Nf6 3. e4 d6 4. exf5 Bxf5 5. d4 Nc6 6. Bb5 a6 7. Bd3 e6 8. O-O
Be7 9. Bf4 O-O 10. Bxf5 exf5 11. d5 Ne5 12. Nd4 Qd7 13. Ne6 Rfe8 14. Qd4 c5 15.
Qd1 b5 16. Re1 Nc4 17. b3 Nb6 18. Nc3 b4 19. Ne2 Nfxd5 20. Nxg7 Kxg7 21. Qd3
Bf6 22. Rad1 Re4 23. Bd2 Rae8 24. Ng3 Rxe1+ 25. Rxe1 Ne7 26. Nh5+ Kf7 27. Nxf6
Kxf6 28. Qxd6+ Qe6 29. Qxc5 Ned5 30. Bxb4 Qe7 31. Rf1 Qe2 32. g3 Qg4 33. Bc3+
Kf7 34. a4 Rc8 {Aufgabe Weiß} 0-1

[Event "DVM U14 2017"]
[Site "Verden/Aller GER"]
[Date "2017.12.27"]
[Round "1"]
[White "Goltser, Ilja"]
[Black "Geltz, Noah"]
[Result "0-1"]
[Termination "normal"]
[Board "5.2"]
[WhiteElo "1698"]
[BlackElo "1719"]
[WhiteTeam "Hamburger SK"]
[BlackTeam "SF HN-Biberach"]
[PlyCount "142"]
[WhiteFideId "14174782"]
[BlackFideId "16224256"]
[EventCountry "GER"]
[EventRounds "7"]
[EventType "team-swiss"]
[EventDate "2017.12.26"]

1. e4 c6 2. d4 d5 3. Nd2 Nd7 4. e5 e6 5. f4 Ne7 6. c3 c5 7. Ne2 Nc6 8. Nf3 cxd4
9. Nexd4 Nxd4 10. Nxd4 Bc5 11. Be3 O-O 12. Bd3 Nb8 13. Qh5 g6 14. Qe2 Bxd4 15.
Bxd4 b6 16. O-O Nc6 17. Qf2 Nxd4 18. Qxd4 Qe7 19. b4 Bd7 20. Rfd1 Ba4 21. Rd2
Rfc8 22. Bc2 Rc4 23. Qe3 Bxc2 24. Rxc2 Rac8 25. Rac1 d4 26. Qd3 Qc7 27. Rd1
Rxc3 28. Rxc3 dxc3 29. Rc1 a5 30. a3 c2 31. Kf1 Qc6 32. b5 Qc5 33. Ke2 Kh8 34.
g3 g5 35. a4 gxf4 36. gxf4 Qc4 37. Qxc4 Rxc4 38. Kd3 Rxa4 39. f5 Rb4 40. fxe6
fxe6 41. Rxc2 Rxb5 42. Rc6 Rxe5 43. Rxb6 Kg7 44. Kd4 Kf6 45. Rb7 Rh5 46. Ra7
Rh4+ 47. Ke3 Rxh2 48. Rxa5 e5 49. Ra7 Rh3+ 50. Ke4 Rh4+ 51. Kf3 h5 52. Ra8 Rf4+
53. Ke3 Rg4 54. Kf3 e4+ 55. Ke3 Kg5 56. Ra1 h4 57. Ra5+ Kh6 58. Ra6+ Kh5 59.
Ra5+ Rg5 60. Ra4 Kg4 61. Rxe4+ Kg3 62. Kd2 Rf5 63. Ke1 h3 64. Re3+ Rf3 65. Re8
Kg2 66. Re2+ Kg1 67. Re8 Rg3 68. Rf8 h2 69. Rf1+ Kg2 70. Rf2+ Kh3 71. Rf1 Rg1 {
Aufgabe Weiß} 0-1

[Event "DVM U14 2017"]
[Site "Verden/Aller GER"]
[Date "2017.12.27"]
[Round "1"]
[White "Späth, René"]
[Black "Klaas, Heiko"]
[Result "0-1"]
[Termination "normal"]
[Board "5.3"]
[WhiteElo "1599"]
[BlackElo "1618"]
[WhiteTeam "SF HN-Biberach"]
[BlackTeam "Hamburger SK"]
[PlyCount "114"]
[WhiteFideId "16224272"]
[BlackFideId "16215940"]
[EventCountry "GER"]
[EventRounds "7"]
[EventType "team-swiss"]
[EventDate "2017.12.26"]

1. e4 e5 2. Nf3 Nc6 3. Bc4 Bc5 4. c3 Nf6 5. d4 exd4 6. cxd4 Bb4+ 7. Bd2 Nxe4 8.
Bxb4 Nxb4 9. Qb3 d5 10. Qxb4 dxc4 11. O-O Qd6 12. Qxc4 O-O 13. Re1 Be6 14. Qc2
Bd5 15. Na3 Qb4 16. Nc4 Nxf2 17. Kxf2 Qxc4 18. Qxc4 Bxc4 19. Rac1 Bxa2 20. Rxc7
Bd5 21. Ree7 Rac8 22. Rxc8 Rxc8 23. Rd7 Bc6 24. Re7 Kf8 25. Re5 f6 26. Re3 Re8
27. Rd3 Bb5 28. Rd2 Ke7 29. d5 Kd6 30. Nd4 Bd7 31. Nf3 g5 32. Rd4 a5 33. Nd2
Bf5 34. g4 Bg6 35. b3 b5 36. Nf1 Re4 37. Rd2 Rxg4 38. Ne3 Rf4+ 39. Kg3 h5 40.
Ra2 h4+ 41. Kg2 Be4+ 42. Kg1 Rf3 43. Ng4 Bxd5 44. Rxa5 Be6 45. Nf2 Rxb3 46.
Ne4+ Kd5 47. Nc5 Rb1+ 48. Kf2 Bf5 49. Ra3 Rb2+ 50. Kg1 Kd4 51. Nb7 b4 52. Rf3
Be4 53. Rxf6 Bxb7 54. Rb6 Be4 55. Rb5 Ke3 56. h3 Rb1+ 57. Kh2 Rh1# 0-1